000
00233nam a22001097a 4500
020
_a
9781782354840
082
_a
823
_b
BOO
245
_a
Fairy Boo
260
_a
US:
_b
Make believe ideas ltd;
_c
2012.
563
_a
HB
942
_2
ddc
_c
BK
999
_c
614918
_d
614918